Guess the NBA players by face - Statistics

General Stats
  • This quiz has been taken 3,750 times
    3,741 since last reset
  • The average score is 12 of 15
Answer Stats
Picture Answer % Correct
Kobe Bryant
98%
Chris Paul
92%
Giannis Antetokounmpo
91%
Kareem Abdul-Jabbar
91%
Charles Barkley
90%
Kevin Garnett
90%
Steven Adams
90%
Magic Johnson
89%
Carmelo Anthony
88%
Jamal Murray
82%
John Wall
79%
Bill Walton
75%
Moses Malone
55%
Derek Fisher
54%
Greg Oden
47%
No matching quizzes found
Score Distribution
Percent of People with Each Score
Percentile by Number Answered
Your Score History
You have not taken this quiz since the last reset